| Tag |
First Indicator |
Second Indicator |
Subfields |
| LEADER |
00000cam a2200000 a 4500 |
| 001 |
in00001066821 |
| 005 |
20150929101211.0 |
| 008 |
910212s1991 nyu b 101 0 eng |
| 010 |
|
|
|a 91008237
|
| 020 |
|
|
|a 0313276285 (alk. paper)
|
| 035 |
|
|
|a (OCoLC)23220652
|
| 035 |
|
|
|9 AFP1232AM
|
| 040 |
|
|
|a DLC
|c DLC
|d TXA
|d UtOrBLW
|
| 049 |
|
|
|a TXAM
|
| 050 |
0 |
0 |
|a BJ1289
|b .B835 1991
|
| 082 |
0 |
0 |
|a 294.3/5
|2 20
|
| 245 |
0 |
0 |
|a Buddhist ethics and modern society :
|b an international symposium /
|c edited by Charles Wei-hsun Fu and Sandra A. Wawrytko ; foreword by Sheng-Yen.
|
| 264 |
|
1 |
|a New York :
|b Greenwood Press,
|c 1991.
|
| 300 |
|
|
|a xxvii, 442 pages ;
|c 24 cm.
|
| 336 |
|
|
|a text
|b txt
|2 rdacontent
|
| 337 |
|
|
|a unmediated
|b n
|2 rdamedia
|
| 338 |
|
|
|a volume
|b nc
|2 rdacarrier
|
| 490 |
1 |
|
|a Contributions to the study of religion,
|x 0196-7053 ;
|v no. 31
|
| 500 |
|
|
|a "Based on ... the first Chung-Hwa International Conference on Buddhism, held January 12-15, 1990, at Taipei's National Central Library"--Foreword.
|
| 504 |
|
|
|a Includes bibliographical references and index.
|
| 650 |
|
0 |
|a Buddhist ethics
|x Congresses.
|
| 650 |
|
0 |
|a Buddhism
|x Social aspects
|x Congresses.
|
| 650 |
|
0 |
|a Buddhism
|x Doctrines
|x Congresses.
|
| 700 |
1 |
|
|a Fu, Charles Wei-hsun,
|d 1933-1996.
|
| 700 |
1 |
|
|a Wawrytko, Sandra A.
|q (Sandra Ann)
|
| 830 |
|
0 |
|a Contributions to the study of religion.
|x 0196-7053 ;
|v no. 31.
|
| 999 |
|
|
|a MARS
|
| 999 |
f |
f |
|s cc9e09c3-1cca-3f5f-a0cc-e77b6a89688b
|i bc4bd77b-d650-381a-8bc3-306c0633b8c8
|t 0
|
| 952 |
f |
f |
|p ric
|a Texas A&M University
|b Rellis Campus
|c Joint Library Facility
|d Remote Storage
|t 0
|e BJ1289 .B835 1991
|h Library of Congress classification
|i unmediated -- volume
|m A14815647521
|
| 998 |
f |
f |
|a BJ1289 .B835 1991
|t 0
|l Remote Storage
|